000 00449nam a2200169Ia 4500
003 LK-CoDNM
005 20230923101925.0
008 010623t1924 xxu||||| |||| 00| 1 eng d
040 _aLK-CoDNM
_dLK-CoDNM
_eLK-CoDNM
041 _aeng
080 _a12 R11
100 _aLewin,Evans.
245 _aThe Reso Urces of the Empire and their Development
260 _bW.Collins Sons Co
_aLondon
_c1924
300 _bxvii,364p,maps., 22 cm
942 _cBK
999 _c92250
_d92250